Ethics and social responsibility in mass communication / (Record no. 18178)
[ view plain ]
| 000 -LEADER | |
|---|---|
| fixed length control field | 00565nam a22001937a 4500 |
| 003 - CONTROL NUMBER IDENTIFIER | |
| control field | OSt |
| 005 - DATE AND TIME OF LATEST TRANSACTION | |
| control field | 20140310183006.0 |
| 008 - FIXED-LENGTH DATA ELEMENTS--GENERAL INFORMATION | |
| fixed length control field | 130211t xxu||||| |||| 00| 0 eng d |
| 020 ## - INTERNATIONAL STANDARD BOOK NUMBER | |
| International Standard Book Number | 9712719196 |
| 050 ## - LIBRARY OF CONGRESS CALL NUMBER | |
| Classification number | P94 |
| Item number | .M45 2007 |
| 082 ## - DEWEY DECIMAL CLASSIFICATION NUMBER | |
| Classification number | P94 |
| Item number | .M45 2007 |
| 100 ## - MAIN ENTRY--PERSONAL NAME | |
| Personal name | Maximino, Jose Mario B. |
| 245 ## - TITLE STATEMENT | |
| Title | Ethics and social responsibility in mass communication / |
| Statement of responsibility, etc | Jose Mario B. Maximino. |
| 260 ## - PUBLICATION, DISTRIBUTION, ETC. (IMPRINT) | |
| Place of publication, distribution, etc | Manila : |
| Name of publisher, distributor, etc | Anvil Publishing, |
| Date of publication, distribution, etc | 2007. |
| 300 ## - PHYSICAL DESCRIPTION | |
| Extent | 202 p. : |
| Dimensions | 21 cm. |
| 521 ## - TARGET AUDIENCE NOTE | |
| Target audience note | |
| 942 ## - ADDED ENTRY ELEMENTS (KOHA) | |
| Source of classification or shelving scheme | Library of Congress Classification |
| Koha item type | Books |
| Call number prefix | Local |
| Withdrawn status | Lost status | Source of classification or shelving scheme | Damaged status | Home library | Current library | Shelving location | Date acquired | Source of acquisition | Total Checkouts | Full call number | Barcode | Date last seen | Copy number | Price effective from | Koha item type |
|---|---|---|---|---|---|---|---|---|---|---|---|---|---|---|---|
| Library of Congress Classification | Archives | Archives | 02/11/2013 | Donation | P 94 .M45 2007 | C10375 | 05/15/2018 | 1 | 02/11/2013 | Books | |||||
| Library of Congress Classification | Archives | Archives | 11/12/2013 | Donation | P 94 .M45 2007 | C12350 | 05/15/2018 | 3 | 11/12/2013 | Books | |||||
| Library of Congress Classification | College Library | College Library | General Circulation Section | 11/12/2013 | P 94 .M45 2007 | C12351 | 05/15/2018 | 2 | 11/12/2013 | Books | |||||
| Library of Congress Classification | College Library | College Library | General Circulation Section | 11/12/2013 | P 94 .M45 2007 | C14073 | 05/15/2018 | 4 | 11/12/2013 | Books |